00456nam a2200169Ia 450000500170000000800410001702000180005804100080007608200150008410000130009924500550011226000410016730000090020850000280021765000280024570000130027320251120161908.0230125s9999 xx 000 0 und d a81-7992-327-4 aeng a158.1bSHA aSharma R aDiscover your Destiny : 7 Stages of Self Awakening c2004bJaico Publishing HouseaMumbai a215p aPersonality Development aPersonality Development aSharma R